1026 1833 1853 1460 1939 1430 1172 1697 1990 1180 1554 1695 1473 1893 1387 1796 1936 1922 1233 1633 1177 1992 1417 1748 1866 1038 1960 1945 1610 1463 1525 1410 1887 1248 1712 1292 1944 1239 1973 1767 1917 1256 1538 1308 1037 1144 1029 1022 1886 1037 1152 1488 1613 1456 1715 1422 1028 1506 1880 1714 1586 1479 1413 1532 1773 1898 1899 1020 1112 1096 1700 1458 1197 1293 1779 1996 1866 1980 1977 1577 1081 1675 1860 1491 1171 1800 1106 1598 1222 1382 1899 1365 1852 1042 1857 1577 1094 1919 1947 BCNSPRNW ULIB Ver.6.0+V

เปลี่ยนเป็นภาษาไทย

Change to English
 แสดงรายละเอียดบรรณานุกรม
  กลับหน้าหลัก

Brief Record : Get Marc (ISO 2709) : E-mail record : QR code < ปิดหน้าต่าง
LEADER : 00000nam 2200000uu 4500
001    13399111443
003     ULIB
008    110627s2546||||th 000 0 tha d
020    9745972967
060  4 QU21^bป111ช
100 0  ภาควิชาเคมี คณะแพทย์ศาสตร์ จุฬาลงกรณ์มหาวิทยาลัย
245 00 ชีวเคมีเพื่อการส่งเสริมสุขภาพ./^c เขียนโดยภาควิชาเคมี คณะแพทย์ศาสตร์ จุฬาลงกรณ์มหาวิทยาลัย
260    กรุงเทพฯ:^ภาควิชาเคมี คณะแพทย์ศาสตร์ จุฬาลงกรณ์มหาวิทยาลัย ,^c2546
300    128 หน้า
650  0 ชีวเคมี
945    ^p120^l0^i11968
945    ^p120^l0^i11966
945    ^p120^l0^i11965
945    ^p120^l0^i11964
945    ^p120^l0^i11967
955    กัณชพร
999 ^a ใช้งานได้ทุกระบบ
รายการนี้ยังไม่มีแท็ก
คุณยังไม่ได้ล็อกอิน คุณสามารถมีกิจกรรมร่วมกับเว็บไซต์ได้ แต่ต้องล็อกอินก่อน ::
  ล็อกอิน

รายการสื่อสารสนเทศ

ลำดับที่ ประเภท เลขเรียก/บาร์โค้ด สถานที่ สถานะ
- ไม่พบข้อมูล -

รายการใกล้เคียง
    หัวเรื่อง [ชีวเคมี]

BibComment


ยังไม่เคยถูกคอมเมนท์

คอมเมนท์ทรัพยากรรายการนี้
  คอมเมนท์: ชีวเคมีเพื่อการส่..


 Copyright 2026. Bcnsprnw @Library